|
|
|
|
| LEADER |
00000nam0a2200000 4500 |
| 001 |
300277 |
| 005 |
20231102001303.0 |
| 035 |
|
|
|a (RuTPU)RU\TPU\book\325430
|
| 090 |
|
|
|a 300277
|
| 100 |
|
|
|a 20150708d1982 km y0rusy50 ca
|
| 101 |
0 |
|
|a rus
|
| 102 |
|
|
|a RU
|
| 105 |
|
|
|a ay z 100zy
|
| 200 |
1 |
|
|a Перспективы развития химической промышленности в Красноярском крае
|e тезисы докладов краевой научно-практической конференции, 27-29 октября 1982 г.
|f Всесоюзное химическое общество им. Д. И. Менделеева (ВХО) ; под ред. И. А. Кедринского
|
| 210 |
|
|
|a Красноярск
|c [Б. и.]
|d 1982
|
| 215 |
|
|
|a 225 с.
|
| 606 |
1 |
|
|a Химическая промышленность
|x Прогнозирование
|2 stltpush
|3 (RuTPU)RU\TPU\subj\30845
|9 53872
|
| 610 |
1 |
|
|a нефтехимические предприятия
|
| 610 |
1 |
|
|a микробиологические производства
|
| 610 |
1 |
|
|a лесохимическая промышленность
|
| 610 |
1 |
|
|a перспективы развития
|
| 610 |
1 |
|
|a Красноярский край
|
| 610 |
1 |
|
|a электрохимия
|
| 610 |
1 |
|
|a минеральные удобрения
|
| 610 |
1 |
|
|a охрана окружающей среды
|
| 610 |
1 |
|
|a конференции
|
| 610 |
1 |
|
|a Красноярск
|
| 675 |
|
|
|a 66
|v 4
|
| 702 |
|
1 |
|a Кедринский
|b И. А.
|4 340
|
| 712 |
0 |
2 |
|a Всесоюзное химическое общество им. Д. И. Менделеева (ВХО)
|c (Москва)
|c (1932-1991)
|2 stltpush
|3 (RuTPU)RU\TPU\col\12594
|
| 712 |
1 |
2 |
|a Перспективы развития химической промышленности в Красноярском крае
|c конференция
|e Красноярск
|f 1982
|4 570
|
| 801 |
|
1 |
|a RU
|b 63413507
|c 20150708
|
| 801 |
|
2 |
|a RU
|b 63413507
|c 20190415
|g RCR
|
| 942 |
|
|
|c BK
|